000 00854nam a22002537a 4500
005 20170123164149.0
010 _aB-230701
020 _c100.00
_a8171421946
035 _aB-230701
037 _bCen Lib/Ret
040 _aDPL
_bPN
082 _a851
_bਪਰਅ
100 _aਪਰਅਜੈ
_96954
245 _aਇੱਛਿਆ /
_cਪਰਅਜੈ
246 _aIchhiya /
_bby ParAjay
260 _aਚੰਡੀਗੜ੍ਹ
_bਲੋਕਗੀਤ ਪਾਕਾਸ਼ਨ
_c2007
270 _aS.C.O. 26-27, Sector 34-A
_bਚੰਡੀਗੜ੍ਹ
_e160022
300 _a79p.
_c22cm(Hb)
650 _a ਸਾਹਿਤ--ਪੰਜਾਬੀ
_9124566
650 _aਪੰਜਾਬੀ -- ਕਵਿਤਾਆਂ
_9124567
650 _a Literature--Punjabi
_9124568
650 _aPunjabi -- Poetry
_9124569
942 _2ddc
_cPN
_h851
_mਪਰਅ
999 _c110195
_d110195